00643nam a22001937a 450000500170000000800410001702000180005804000190007604100080009505000180010310000180012124500900013926000230022930000140025265000680026665000680033465000280040265000190043020231010142855.0230508b |||||||| |||| 00| 0 eng d a9780263936988 aCBULibcCBULib aeng aSF 523.82 May aMay, Meredith aThe honey bus : a memoir of loss, courage and a girl saved by beesc/ by Meredith May aLondon,bHQ,c2019 a323 pages 2Library of CongressaWOMEN BEEKEEPERS--UNITED STATES--BIOGRAPHY 2Library of CongressaBEE CULTURE--SOCIAL ASPECTS--UNITED STATES 2OCLCaWOMEN JOURNALISTS 2OCLCaHONEYBEE